| 000 | 00760pam a2200253 a 4500 | ||
|---|---|---|---|
| 001 | 015557692 | ||
| 003 | Uk | ||
| 005 | 20161102133043.0 | ||
| 008 | 100511s2011 enka b 001 0 eng d | ||
| 020 | _a0132547090 | ||
| 020 | _a9780132547093 | ||
| 082 | 0 | 4 |
_a330 _222 _bBAD |
| 100 | 1 |
_aBade, Robin. _929099 |
|
| 245 | 1 | 0 |
_aFoundations of Economics / _cRobin Bade, Michael Parkin. |
| 250 | _a5th ed. | ||
| 260 |
_aHarlow : _bAddison-Wesley, _c2011. |
||
| 300 |
_axlii, 876, 23, 3 p. : _bill. (chiefly col.) ; _c28 cm. |
||
| 500 | _a"International edition"--Cover. | ||
| 504 | _aIncludes bibliographical references and index. | ||
| 650 | 0 |
_aEconomics. _929100 |
|
| 653 |
_bEco _cFebruary2012 |
||
| 700 | 1 |
_929101 _aParkin, Michael, _d1939- |
|
| 942 |
_2ddc _cNB |
||
| 999 |
_c16515 _d16515 |
||